=LDR 00000nam 2200000 4500 =001 INLIS000000000026998 =005 20130612125416 =008 ***********************************Ind** =035 ##$$0010-061300000026998 =041 ##$$a Ind =082 ##$$a 440.31 =090 ##$$a 440.31, Fir p =100 ##$$a Firdaus, Ahmad =245 ##$$a Poche dictionari Francis-Indonesia Indonesia-Francis, Ahmad Firdaus =260 ##$$a 2006 $b Yogyakarta =300 ##$$a 393 hlm, 15 cm =650 ##$$a Kamus Francis-Indonesia =850 ##$$a NBPNMAT